[Event "Schleswig Holstein-ch Seniors op 11th"]
[Site "Buesum"]
[Date "2017.09.10"]
[Round "3"]
[White "Cordsen, Heinrich"]
[Black "Strohbusch, Frank"]
[Result "1/2-1/2"]
[WhiteElo "1722"]
[BlackElo "1860"]
[PlyCount "51"]
[EventDate "2017.09.08"]
[EventType "swiss"]
[EventRounds "9"]
[EventCountry "GER"]
[SourceTitle "EXT 2019"]
[Source "ChessBase"]
[SourceDate "2018.10.10"]
[SourceVersion "1"]
[SourceVersionDate "2018.10.10"]
[SourceQuality "1"]

1. e4 e6 2. d4 d5 3. e5 c5 4. c3 Nc6 5. Nf3 cxd4 6. cxd4 Nge7 7. Bd3 Qb6 8. Na3 a6 9. 0-0 Bd7 10. Nc2 h6 11. a3 Rc8 12. b4 Na7 13. Bb2 Bb5 14. Qd2 Bxd3 15. Qxd3 Nf5 16. g4 Ne7 17. Rfc1 Ng6 18. Ne3 Nc6 19. Ng2 Be7 20. h4 Qd8 21. h5 Nh4 22. Nfxh4 Bxh4 23. f4 0-0 24. b5 axb5 25. Qxb5 Rb8 26. Rc2 1/2-1/2

[Event "Schleswig Holstein-ch Seniors op 11th"]
[Site "Buesum"]
[Date "2017.09.09"]
[Round "2"]
[White "Strohbusch, Frank"]
[Black "Moeller, Peter1111"]
[Result "1/2-1/2"]
[WhiteElo "1860"]
[BlackElo "1672"]
[PlyCount "119"]
[EventDate "2017.09.08"]
[EventType "swiss"]
[EventRounds "9"]
[EventCountry "GER"]
[SourceTitle "EXT 2019"]
[Source "ChessBase"]
[SourceDate "2018.10.10"]
[SourceVersion "1"]
[SourceVersionDate "2018.10.10"]
[SourceQuality "1"]

1. e4 d5 2. exd5 Qxd5 3. Nc3 Qa5 4. d4 c6 5. Bc4 Bf5 6. Nf3 e6 7. Bd2 Qc7 8. Nh4 Bg6 9. Nxg6 hxg6 10. h3 Nf6 11. Qe2 Be7 12. 0-0-0 0-0 13. g4 Nbd7 14. h4 Nd5 15. Nxd5 cxd5 16. Bd3 Rae8 17. f4 Bd6 18. Qf2 Nf6 19. Rdg1 Ne4 20. Bxe4 dxe4 21. h5 Rc8 22. c3 gxh5 23. gxh5 Be7 24. Qg2 Bf6 25. Qxe4 Rfd8 26. Kb1 Qc6 27. Qd3 Qc4 28. Qxc4 Rxc4 29. b3 Rc6 30. Rc1 Rcd6 31. Be3 a6 32. Rcd1 Rd5 33. c4 R5d7 34. f5 Bxd4 35. fxe6 fxe6 36. Bg5 Bf6 37. Rxd7 Rxd7 38. Rg1 Bxg5 39. Rxg5 Kf7 40. Kc2 Kf6 41. Rg2 e5 42. b4 e4 43. Rd2 Rc7 44. Kc3 Ke5 45. Rd5+ Kf4 46. c5 Ke3 47. a4 Kf2 48. Rf5+ Ke2 49. b5 axb5 50. axb5 Rd7 51. c6 bxc6 52. bxc6 Rc7 53. Rc5 e3 54. Kd4 Kd2 55. Rc3 e2 56. Rd3+ Ke1 57. Kd5 Rf7 58. Kd6 Kf1 59. Re3 Rf6+ 60. Kd7 1/2-1/2

[Event "Bad Woerishofen op 32nd"]
[Site "Bad Woerishofen"]
[Date "2016.03.02"]
[Round "6"]
[White "Pohlers, Juergen"]
[Black "Strohbusch, Frank"]
[Result "1-0"]
[WhiteElo "1967"]
[BlackElo "1836"]
[PlyCount "57"]
[EventDate "2016.02.26"]
[EventType "swiss"]
[EventRounds "9"]
[EventCountry "GER"]
[SourceTitle "EXT 2022"]
[Source "ChessBase"]
[SourceDate "2021.10.06"]
[SourceVersion "1"]
[SourceVersionDate "2021.10.06"]
[SourceQuality "1"]

1. d4 d5 2. c4 c6 3. Nf3 e6 4. Nc3 dxc4 5. a4 Bb4 6. Bd2 a5 7. e3 b5 8. axb5 Bxc3 9. Bxc3 cxb5 10. b3 Bb7 11. bxc4 b4 12. Bb2 Nf6 13. Bd3 0-0 14. 0-0 Nbd7 15. Qc2 Bc6 16. e4 g6 17. d5 exd5 18. exd5 Bb7 19. Bd4 Re8 20. Qd2 Kg7 21. g4 h6 22. h4 Kh7 23. g5 Ng8 24. Qf4 Qe7 25. h5 Nf8 26. Rfe1 Qd7 27. Rxe8 Qxe8 28. gxh6 Nxh6 29. Qf6 1-0

[Event "GER-chA Seniors 27th"]
[Site "Magdeburg"]
[Date "2015.08.17"]
[Round "3"]
[White "Strohbusch, Frank"]
[Black "Lehmann, Erwin"]
[Result "0-1"]
[WhiteElo "1846"]
[BlackElo "2012"]
[PlyCount "130"]
[EventDate "2015.08.15"]
[EventType "swiss"]
[EventRounds "9"]
[EventCountry "GER"]
[SourceTitle "EXT 2018"]
[Source "ChessBase"]
[SourceDate "2017.10.13"]
[SourceVersion "1"]
[SourceVersionDate "2017.10.13"]
[SourceQuality "1"]

1. e4 d5 2. exd5 Qxd5 3. Nc3 Qa5 4. d4 Nf6 5. Bd3 Bg4 6. f3 Bh5 7. Bd2 c6 8. Nge2 Nbd7 9. Nf4 e6 10. Qe2 0-0-0 11. Nxh5 Nxh5 12. 0-0-0 Bb4 13. Kb1 Nhf6 14. Ne4 Nxe4 15. fxe4 Bxd2 16. Qxd2 Qh5 17. Qf4 e5 18. dxe5 Nxe5 19. Qe3 Kb8 20. Be2 Qg6 21. Qf4 f6 22. g4 h6 23. h4 Kc7 24. b3 Rhe8 25. c3 Re7 26. Rd4 Red7 27. Rhd1 c5 28. Rxd7+ Rxd7 29. Kc2 a6 30. Rg1 b5 31. Rg3 Qe8 32. g5 hxg5 33. hxg5 Qe7 34. gxf6 gxf6 35. Rd3 Rxd3 36. Bxd3 Qd6 37. Bf1 Nf7 38. Qg4 Qh2+ 39. Bg2 Kd6 40. Kd2 Ne5 41. Qg7 Qf4+ 42. Ke2 Qg4+ 43. Qxg4 Nxg4 44. Kf3 Ne5+ 45. Kf4 Nd3+ 46. Kf5 Ke7 47. Bf1 Nc1 48. a4 c4 49. bxc4 bxa4 50. c5 a3 51. Bc4 a2 52. Bxa2 Nxa2 53. c6 Nxc3 54. e5 fxe5 55. Kxe5 a5 56. Kd4 Nb5+ 57. Kc4 Na7 58. c7 Kd7 59. Kb3 Kxc7 60. Ka3 Kb6 61. Kb3 Kb5 62. Ka3 a4 63. Ka2 Kb4 64. Kb2 Nc6 65. Ka2 a3 0-1

[Event "GER-chA Seniors 27th"]
[Site "Magdeburg"]
[Date "2015.08.16"]
[Round "2"]
[White "Petzold, Hans"]
[Black "Strohbusch, Frank"]
[Result "1-0"]
[WhiteElo "2079"]
[BlackElo "1846"]
[PlyCount "77"]
[EventDate "2015.08.15"]
[EventType "swiss"]
[EventRounds "9"]
[EventCountry "GER"]
[SourceTitle "EXT 2018"]
[Source "ChessBase"]
[SourceDate "2017.10.13"]
[SourceVersion "1"]
[SourceVersionDate "2017.10.13"]
[SourceQuality "1"]

1. e4 e6 2. Nf3 d5 3. e5 c5 4. b4 cxb4 5. d4 Nc6 6. a3 Qb6 7. axb4 Bxb4+ 8. c3 Bf8 9. Bd3 Nge7 10. Ba3 Ng6 11. Bxf8 Kxf8 12. Qc1 Nce7 13. h4 Nf5 14. h5 Nge7 15. Na3 Bd7 16. g4 Nh6 17. Ng5 Kg8 18. Rb1 Qc7 19. Qc2 a6 20. Nxh7 Nxg4 21. Rg1 Nf5 22. Nf6+ gxf6 23. Rxg4+ Kf8 24. exf6 b5 25. Kd2 Qh2 26. Re1 Rg8 27. Rxg8+ Kxg8 28. Kc1 Qf4+ 29. Kb2 Rc8 30. Qe2 Qh4 31. Bxf5 exf5 32. Qe7 Bc6 33. Rg1+ Kh8 34. Nc2 Qxh5 35. Rg7 Qh6 36. Qxf7 Re8 37. Ne3 f4 38. Ng4 Qh1 39. Ne5 1-0

[Event "Hessen-ch Seniors op 11th"]
[Site "Bad Sooden-Allendorf"]
[Date "2015.05.17"]
[Round "9"]
[White "Strohbusch, Frank"]
[Black "Richter, Stefan"]
[Result "1/2-1/2"]
[WhiteElo "1837"]
[BlackElo "1678"]
[PlyCount "74"]
[EventDate "2015.05.09"]
[EventType "swiss"]
[EventRounds "9"]
[EventCountry "GER"]
[SourceTitle "EXT 2018"]
[Source "ChessBase"]
[SourceDate "2017.10.13"]
[SourceVersion "1"]
[SourceVersionDate "2017.10.13"]
[SourceQuality "1"]

1. e4 c5 2. Nc3 e5 3. d3 Nc6 4. g3 Bd6 5. Bg2 Nge7 6. Qg4 Ng6 7. h4 h5 8. Qd1 Be7 9. Nd5 d6 10. Bf3 Nd4 11. Bg2 Nf8 12. c3 Nc6 13. Nxe7 Qxe7 14. Bf3 g6 15. Be3 Be6 16. Qd2 f6 17. a3 Na5 18. Qd1 Bb3 19. Qe2 Be6 20. b4 cxb4 21. axb4 Nc6 22. b5 Nd8 23. Rxa7 Rxa7 24. Bxa7 Qc7 25. Qb2 b6 26. Qa3 Nd7 27. Ne2 Ke7 28. 0-0 Nb7 29. d4 Na5 30. Bxb6 Qxb6 31. Qb4 Bc4 32. Rb1 Ra8 33. Nc1 Rb8 34. Be2 Rc8 35. Ra1 Bxe2 36. Nxe2 Nc4 37. Kg2 Rc7 1/2-1/2

[Event "Hessen-ch Seniors op 11th"]
[Site "Bad Sooden-Allendorf"]
[Date "2015.05.10"]
[Round "2"]
[White "Jacob, Helmut"]
[Black "Strohbusch, Frank"]
[Result "1-0"]
[WhiteElo "2070"]
[BlackElo "1837"]
[PlyCount "69"]
[EventDate "2015.05.09"]
[EventType "swiss"]
[EventRounds "9"]
[EventCountry "GER"]
[SourceTitle "EXT 2018"]
[Source "ChessBase"]
[SourceDate "2017.10.13"]
[SourceVersion "1"]
[SourceVersionDate "2017.10.13"]
[SourceQuality "1"]

1. e4 e6 2. Nf3 d5 3. Nc3 c5 4. exd5 exd5 5. Bb5+ Nc6 6. Qe2+ Be7 7. 0-0 a6 8. Bxc6+ bxc6 9. d3 Bg4 10. h3 Bxf3 11. Qxf3 Nf6 12. Bf4 0-0 13. Rfe1 Re8 14. Re2 Qd7 15. Rae1 Bd6 16. Bg5 Rxe2 17. Rxe2 Ne8 18. b3 h6 19. Bc1 Nc7 20. Na4 Rb8 21. Qg4 Qxg4 22. hxg4 Ne6 23. Be3 c4 24. dxc4 dxc4 25. Rd2 cxb3 26. cxb3 Bb4 27. Rc2 c5 28. Rc4 Rc8 29. f4 Rd8 30. f5 Nd4 31. Nxc5 Bxc5 32. Rxc5 Nb5 33. Kf2 Kf8 34. Rc6 Rd6 35. Bc5 1-0

[Event "Dresden ZMD op-B 23rd"]
[Site "Dresden"]
[Date "2014.08.17"]
[Round "3"]
[White "Wolf, Andreas"]
[Black "Strohbusch, Frank"]
[Result "1-0"]
[WhiteElo "2008"]
[BlackElo "1874"]
[PlyCount "59"]
[EventDate "2014.08.15"]
[EventType "swiss"]
[EventRounds "9"]
[EventCountry "GER"]
[SourceTitle "EXT 2024"]
[Source "ChessBase"]
[SourceDate "2023.10.10"]
[SourceVersion "1"]
[SourceVersionDate "2023.10.10"]
[SourceQuality "1"]

1. d4 d5 2. Nf3 e6 3. c4 c6 4. g3 Nf6 5. Bg2 dxc4 6. 0-0 Qc7 7. Qc2 b5 8. e4 Bb7 9. a4 a6 10. Bf4 Qc8 11. axb5 axb5 12. Rxa8 Bxa8 13. Nc3 Be7 14. d5 0-0 15. d6 Bd8 16. e5 Nd5 17. Ne4 Nxf4 18. gxf4 Nd7 19. Neg5 Bxg5 20. Nxg5 g6 21. Ra1 Qb7 22. Qc3 Nb6 23. Qh3 h5 24. Qh4 Nd5 25. Bf3 Kg7 26. Kh1 Qd7 27. Ne4 Qd8 28. Qg3 Kh6 29. Bxh5 Kxh5 30. Nf6+ 1-0

[Event "Wch Seniors 23rd"]
[Site "Opatija"]
[Date "2013.11.21"]
[Round "9"]
[White "Strohbusch, Frank"]
[Black "Diaz Franco, Francisco Jorge"]
[Result "0-1"]
[WhiteElo "1855"]
[BlackElo "1966"]
[PlyCount "92"]
[EventDate "2013.11.12"]
[EventType "swiss"]
[EventRounds "11"]
[EventCountry "CRO"]
[SourceTitle "CBM 157 Extra"]
[Source "ChessBase"]
[SourceDate "2013.12.19"]
[SourceVersion "1"]
[SourceVersionDate "2013.12.19"]
[SourceQuality "1"]

1. e4 c6 2. d4 d5 3. e5 c5 4. dxc5 e6 5. b4 Nc6 6. Bb5 Qc7 7. Bb2 a5 8. a3 Nge7 9. Nf3 Bd7 10. Bxc6 Bxc6 11. 0-0 Ng6 12. Re1 b6 13. cxb6 Qxb6 14. c3 Be7 15. Nbd2 0-0 16. Nb3 Ba4 17. Nfd2 Qc7 18. Qe2 Rfb8 19. Nd4 Bg5 20. g3 Qxe5 21. Qg4 Qf6 22. N2f3 Bh6 23. Rab1 Bd7 24. Qh5 Re8 25. Ne5 Nxe5 26. Rxe5 g6 27. Qe2 Bg7 28. Nf3 Qe7 29. Re3 Bh6 30. Bc1 Bxe3 31. Bxe3 e5 32. Bc5 Qf6 33. Qe3 Bc6 34. Nd2 Qf5 35. Rc1 Qh3 36. f3 Re6 37. a4 axb4 38. cxb4 Rxa4 39. Rb1 d4 40. Qd3 Ra2 41. Rf1 Qf5 42. Qxf5 gxf5 43. Rf2 Ra1+ 44. Kg2 e4 45. Nb3 exf3+ 46. Kh3 Rh6# 0-1

[Event "Wch Seniors 23rd"]
[Site "Opatija"]
[Date "2013.11.15"]
[Round "4"]
[White "Norman, Kenneth I"]
[Black "Strohbusch, Frank"]
[Result "1-0"]
[WhiteElo "2173"]
[BlackElo "1855"]
[PlyCount "69"]
[EventDate "2013.11.12"]
[EventType "swiss"]
[EventRounds "11"]
[EventCountry "CRO"]
[SourceTitle "CBM 157 Extra"]
[Source "ChessBase"]
[SourceDate "2013.12.19"]
[SourceVersion "1"]
[SourceVersionDate "2013.12.19"]
[SourceQuality "1"]

1. Nf3 d5 2. g3 c6 3. Bg2 e6 4. 0-0 Bd6 5. d3 Nf6 6. Nbd2 0-0 7. e4 Nbd7 8. b3 Re8 9. Bb2 e5 10. Re1 d4 11. Nh4 g6 12. Rf1 Nh5 13. Nc4 Bc7 14. Bf3 Ng7 15. a4 Nb6 16. Nd2 a5 17. Bg4 Ne6 18. Ng2 Ng7 19. Bxc8 Rxc8 20. f4 f5 21. fxe5 Bxe5 22. exf5 Nxf5 23. Ne4 Nd5 24. Qd2 Nde3 25. Rf2 b6 26. Re1 c5 27. Rfe2 Kg7 28. Qc1 Qe7 29. Qa1 Rc6 30. Nd2 Qg5 31. Nf3 Qf6 32. Nxe5 Nxc2 33. Rxc2 Rxe5 34. Rxe5 Qxe5 35. Rf2 1-0

[Event "Wch Seniors 23rd"]
[Site "Opatija"]
[Date "2013.11.12"]
[Round "1"]
[White "Strohbusch, Frank"]
[Black "Neumann, Joachim"]
[Result "1/2-1/2"]
[WhiteElo "1855"]
[BlackElo "2175"]
[PlyCount "90"]
[EventDate "2013.11.12"]
[EventType "swiss"]
[EventRounds "11"]
[EventCountry "CRO"]
[SourceTitle "CBM 157 Extra"]
[Source "ChessBase"]
[SourceDate "2013.12.19"]
[SourceVersion "1"]
[SourceVersionDate "2013.12.19"]
[SourceQuality "1"]

1. e4 c5 2. Nc3 Nc6 3. g3 g6 4. Bg2 Bg7 5. d3 Rb8 6. f4 b5 7. Nf3 d6 8. Ne2 Bd7 9. 0-0 Qc8 10. c3 b4 11. d4 bxc3 12. bxc3 cxd4 13. Nfxd4 Nf6 14. Bd2 0-0 15. f5 Ne5 16. h3 Nc4 17. Bc1 e5 18. fxe6 fxe6 19. g4 e5 20. Nc2 Qc5+ 21. Kh2 Bc6 22. Ng3 d5 23. Nb4 Nxe4 24. Nxc6 Qxc6 25. Nxe4 dxe4 26. Rxf8+ Rxf8 27. Qe2 Kh8 28. Qxe4 Qxe4 29. Bxe4 Nd6 30. Bg2 Rc8 31. Be3 Rxc3 32. Bxa7 e4 33. Rd1 Be5+ 34. Kg1 Nb5 35. Rd8+ Kg7 36. Rd7+ Kf6 37. Bb6 Rc6 38. Bd8+ Ke6 39. Re7+ Kd6 40. Bxe4 Rc1+ 41. Kg2 Rc8 42. Rb7 Nc3 43. Be7+ Ke6 44. Bc2 Kd5 45. Bb3+ Kc6 1/2-1/2

[Event "Wch Seniors 22nd"]
[Site "Kamena Vourla"]
[Date "2012.11.19"]
[Round "7"]
[White "El Gheiadi, Ibrahim"]
[Black "Strohbusch, Frank"]
[Result "1/2-1/2"]
[WhiteElo "2208"]
[BlackElo "1864"]
[PlyCount "126"]
[EventDate "2012.11.13"]
[EventType "swiss"]
[EventRounds "11"]
[EventCountry "GRE"]
[SourceTitle "CBM 151 Extra"]
[Source "ChessBase"]
[SourceDate "2012.12.18"]
[SourceVersion "1"]
[SourceVersionDate "2012.12.18"]
[SourceQuality "1"]

1. e4 e6 2. d4 d5 3. e5 c5 4. c3 Nc6 5. Nf3 f6 6. Bd3 Bd7 7. 0-0 Qb6 8. Na3 c4 9. Bc2 Bxa3 10. bxa3 f5 11. a4 Nge7 12. Ng5 0-0 13. Qh5 h6 14. Nh3 Be8 15. Qe2 Ng6 16. Ba3 Rf7 17. Kh1 Qa5 18. Qd2 Qd8 19. g3 Bd7 20. Qe2 Qa5 21. Qd2 Nce7 22. Bb4 Qa6 23. a5 Qc6 24. Kg1 Qa6 25. a4 Nc6 26. Rfb1 Bc8 27. Nf4 Nxf4 28. Qxf4 Nxa5 29. h4 b6 30. g4 Nc6 31. g5 hxg5 32. hxg5 g6 33. Bd6 Bd7 34. Kg2 Kg7 35. Rh1 Rh8 36. Rh4 Rh5 37. Rah1 Ne7 38. Rxh5 gxh5 39. g6 Nxg6 40. Qg5 Be8 41. Rxh5 Qc8 42. Bd1 Kg8 43. Kf1 Rg7 44. Qf6 Qd7 45. Rg5 Qf7 46. Bh5 a6 47. Qd8 b5 48. a5 Kh7 49. Qc8 Kh6 50. Qd8 Qg8 51. Bf3 Nh8 52. Qf6+ Kh7 53. Bf8 Bg6 54. Bxg7 Qxg7 55. Qxe6 Qh6 56. Rg1 Qc1+ 57. Kg2 Qg5+ 58. Kf1 Qc1+ 59. Ke2 Qc2+ 60. Ke3 Qxc3+ 61. Kf4 Qd2+ 62. Kg3 Qg5+ 63. Kh2 Qh4+ 1/2-1/2

[Event "Wch Seniors 22nd"]
[Site "Kamena Vourla"]
[Date "2012.11.18"]
[Round "6"]
[White "Strohbusch, Frank"]
[Black "Belokopyt, Boris Khaimovich"]
[Result "1/2-1/2"]
[WhiteElo "1864"]
[BlackElo "1962"]
[PlyCount "97"]
[EventDate "2012.11.13"]
[EventType "swiss"]
[EventRounds "11"]
[EventCountry "GRE"]
[SourceTitle "CBM 151 Extra"]
[Source "ChessBase"]
[SourceDate "2012.12.18"]
[SourceVersion "1"]
[SourceVersionDate "2012.12.18"]
[SourceQuality "1"]

1. e4 Nf6 2. e5 Nd5 3. d4 d6 4. c4 Nb6 5. exd6 exd6 6. Nc3 Be7 7. Be3 N8d7 8. a4 Nf6 9. h3 Bf5 10. Bd3 Bxd3 11. Qxd3 0-0 12. a5 Nbd7 13. Nf3 a6 14. 0-0 c6 15. b4 d5 16. c5 h6 17. Rae1 Nh7 18. Ne2 Ng5 19. Nxg5 Bxg5 20. Ng3 Re8 21. Nf5 Bxe3 22. Rxe3 Rxe3 23. Qxe3 Qg5 24. Nd6 Rb8 25. Re1 Qxe3 26. Rxe3 Kf8 27. f3 Nf6 28. g4 Ne8 29. Nf5 Rc8 30. h4 Rd8 31. Kg2 Rb8 32. Re5 Nc7 33. Kf2 Ne6 34. Ke3 Nc7 35. Nd6 f6 36. Rf5 Ne8 37. Nxe8 Rxe8+ 38. Kd2 Kf7 39. h5 g5 40. hxg6+ Kxg6 41. Rh5 Rf8 42. Rf5 Rf7 43. Kd3 Re7 44. Kd2 Rg7 45. Rh5 Rh7 46. Ke3 Re7+ 47. Kd2 Rg7 48. Rf5 Kf7 49. Rh5 1/2-1/2

[Event "Wch Seniors 22nd"]
[Site "Kamena Vourla"]
[Date "2012.11.17"]
[Round "5"]
[White "Benson, Lachlan"]
[Black "Strohbusch, Frank"]
[Result "1-0"]
[WhiteElo "2021"]
[BlackElo "1864"]
[PlyCount "35"]
[EventDate "2012.11.13"]
[EventType "swiss"]
[EventRounds "11"]
[EventCountry "GRE"]
[SourceTitle "CBM 151 Extra"]
[Source "ChessBase"]
[SourceDate "2012.12.18"]
[SourceVersion "1"]
[SourceVersionDate "2012.12.18"]
[SourceQuality "1"]

1. e4 e6 2. d4 d5 3. Nc3 Bb4 4. Qg4 dxe4 5. Qxg7 Qf6 6. Qg3 Qxd4 7. Nge2 Bxc3+ 8. Nxc3 Ne7 9. Be3 Qb4 10. 0-0-0 Qa5 11. Bf4 Nbc6 12. Nxe4 Nf5 13. Qg5 Kf8 14. Bc4 b5 15. Rd8+ Nxd8 16. Qxd8+ Kg7 17. Qf6+ Kg8 18. Be5 1-0

[Event "Wch Seniors 20th"]
[Site "Arco"]
[Date "2010.11.05"]
[Round "10"]
[White "Bondar, Leonid"]
[Black "Strohbusch, Frank"]
[Result "1-0"]
[WhiteElo "2035"]
[BlackElo "1901"]
[PlyCount "99"]
[EventDate "2010.10.26"]
[EventType "swiss"]
[EventRounds "11"]
[EventCountry "ITA"]
[SourceTitle "EXT 2011"]
[Source "ChessBase"]
[SourceDate "2010.11.26"]
[SourceVersion "1"]
[SourceVersionDate "2010.11.26"]
[SourceQuality "1"]

1. e4 e6 2. d4 d5 3. Nc3 Bb4 4. e5 c5 5. a3 Bxc3+ 6. bxc3 Qc7 7. Qg4 f5 8. Qg3 cxd4 9. cxd4 Ne7 10. Bd2 0-0 11. Bd3 Nbc6 12. Nf3 Bd7 13. 0-0 Kh8 14. Qh4 Ng6 15. Qh5 Nce7 16. Ng5 h6 17. Nh3 Kg8 18. Kh1 Qc8 19. Rg1 Be8 20. Bxh6 gxh6 21. Qxh6 Rf7 22. Ng5 Rg7 23. g3 Bf7 24. h4 Nf8 25. Nh3 Rg6 26. Qe3 Nh7 27. Rg2 Qf8 28. Nf4 Rg7 29. Rag1 Kh8 30. f3 Nc6 31. Be2 Qe7 32. Rh2 Rag8 33. g4 Qe8 34. g5 Ne7 35. c4 dxc4 36. Bxc4 Ng6 37. Nh5 Qc6 38. Be2 Ngf8 39. Nxg7 Rxg7 40. h5 Qe8 41. f4 Rg8 42. Bf3 b6 43. g6 Nxg6 44. hxg6 Rxg6 45. Rxg6 Bxg6 46. d5 Kg7 47. Rc2 Qd8 48. d6 Qh4+ 49. Kg2 Be8 50. Rc7+ 1-0

[Event "Wch Seniors 20th"]
[Site "Arco"]
[Date "2010.10.30"]
[Round "5"]
[White "Strohbusch, Frank"]
[Black "Rasmussen, Lars Bo"]
[Result "1/2-1/2"]
[WhiteElo "1901"]
[BlackElo "2090"]
[PlyCount "51"]
[EventDate "2010.10.26"]
[EventType "swiss"]
[EventRounds "11"]
[EventCountry "ITA"]
[SourceTitle "EXT 2011"]
[Source "ChessBase"]
[SourceDate "2010.11.26"]
[SourceVersion "1"]
[SourceVersionDate "2010.11.26"]
[SourceQuality "1"]

1. e4 e5 2. Nf3 Nf6 3. Nxe5 d6 4. Nf3 Nxe4 5. Nc3 Nxc3 6. dxc3 Be7 7. Bd3 0-0 8. Be3 Nc6 9. Qd2 Be6 10. b3 f6 11. h3 a5 12. Nd4 Nxd4 13. cxd4 d5 14. 0-0 Qd7 15. Kh2 f5 16. f4 Kh8 17. Rad1 b6 18. c4 c6 19. Be2 Bf6 20. c5 b5 21. a4 b4 22. Qe1 Rae8 23. Bf3 Bf7 24. Qf2 Qc7 25. Rfe1 h5 26. h4 1/2-1/2

[Event "GER-ch Seniors 22nd"]
[Site "Berlin"]
[Date "2010.08.23"]
[Round "8"]
[White "Radloff, Rainer"]
[Black "Strohbusch, Frank"]
[Result "0-1"]
[WhiteElo "1516"]
[BlackElo "1724"]
[PlyCount "64"]
[EventDate "2010.08.16"]
[EventType "swiss"]
[EventRounds "9"]
[EventCountry "GER"]
[SourceTitle "CBM 138 Extra"]
[Source "ChessBase"]
[SourceDate "2010.10.29"]
[SourceVersion "1"]
[SourceVersionDate "2010.10.29"]
[SourceQuality "1"]

1. Nf3 d5 2. d4 e6 3. e3 c6 4. Bd3 f5 5. 0-0 Nf6 6. Nbd2 Bd6 7. Re1 0-0 8. h3 Nbd7 9. Ng5 Qe7 10. f4 h6 11. Ngf3 Ne4 12. c3 b6 13. Bc2 Ba6 14. Nxe4 fxe4 15. Ne5 Bxe5 16. dxe5 Nc5 17. Qg4 Rf5 18. Qg6 Nd7 19. Bd1 Kh8 20. Qg3 Rg8 21. Qg6 Nf8 22. Qg3 g5 23. Qf2 Ng6 24. Bg4 Nxe5 25. Qd2 Nxg4 26. hxg4 Rf7 27. b3 gxf4 28. exf4 Rxg4 29. c4 Kh7 30. f5 Qc5+ 31. Kf1 Rxf5+ 32. Ke2 Rxg2+ 0-1

[Event "Wch Seniors 19th"]
[Site "Condino"]
[Date "2009.10.27"]
[Round "1"]
[White "Strohbusch, Frank"]
[Black "Blaushtain, Boris"]
[Result "0-1"]
[WhiteElo "1777"]
[BlackElo "2155"]
[PlyCount "52"]
[EventDate "2009.10.27"]
[EventType "swiss"]
[EventRounds "11"]
[EventCountry "ITA"]
[SourceTitle "EXT 2010"]
[Source "ChessBase"]
[SourceDate "2010.11.25"]
[SourceVersion "1"]
[SourceVersionDate "2010.11.25"]
[SourceQuality "1"]

1. e4 e6 2. d4 d5 3. Nc3 Nf6 4. e5 Nfd7 5. f4 c5 6. Nf3 Nc6 7. Be3 cxd4 8. Nxd4 Be7 9. Be2 Nc5 10. Bf3 f6 11. 0-0 fxe5 12. Nxc6 bxc6 13. fxe5 0-0 14. Qd2 a5 15. b3 Rb8 16. a3 Nd7 17. Bf4 Ba6 18. Rfe1 Bc5+ 19. Kh1 Qe7 20. Ne2 Bxe2 21. Bxe2 Bxa3 22. Reb1 Bb4 23. c3 Rxf4 24. cxb4 Qxb4 25. Qc2 Nc5 26. Bc4 Rf5 0-1